Síntesis y reflexiones sobre el sistema antilavado de activos y contra la financiación del terrorismo en Colombia / (Registro nro. 4750)

Detalles MARC
000 -LEADER
fixed length control field 01122nam a2200241Ia 4500
003 - CONTROL NUMBER IDENTIFIER
control field OSt
005 - DATE AND TIME OF LATEST TRANSACTION
control field 20200804163928.0
008 - FIXED-LENGTH DATA ELEMENTS--GENERAL INFORMATION
fixed length control field 191128s2014 ck abd gr 000 0 spa d
020 ## - INTERNATIONAL STANDARD BOOK NUMBER
International Standard Book Number 9789587384901
040 ## - CATALOGING SOURCE
Original cataloging agency CO-JMCR
Transcribing agency CO-JMCR
041 0# - LANGUAGE CODE
Language code of text/sound track or separate title spa
082 04 - DEWEY DECIMAL CLASSIFICATION NUMBER
Classification number 364.168 /
Item number M385s
Edition number 23
100 1# - MAIN ENTRY--PERSONAL NAME
Personal name Martinez Sanchez, Wilson Alejandro,
Relator term editor
9 (RLIN) 8379
245 10 - TITLE STATEMENT
Title Síntesis y reflexiones sobre el sistema antilavado de activos y contra la financiación del terrorismo en Colombia /
Statement of responsibility, etc. Editor académico Wilson Alejandro Martínez Sánchez
260 ## - PUBLICATION, DISTRIBUTION, ETC.
Place of publication, distribution, etc. Bogotá :
Name of publisher, distributor, etc. Universidad del Rosario,
Date of publication, distribution, etc. 2014.
300 ## - PHYSICAL DESCRIPTION
Extent xiii, 139 páginas :
Other physical details gráficos, mapas a color ;
Dimensions 24 cm.
490 0# - SERIES STATEMENT
Series statement Colección textos de Jurisprudencia
505 0# - FORMATTED CONTENTS NOTE
Formatted contents note La medición del riesgo de lavado de activos en Colombia -- Actores del sistema y política pública antilavado de activos y contra la financiación del terrorismo -- Estudio de sentencias sobre lavado de activos proferidas entre los años 2005 y 2013
650 24 - SUBJECT ADDED ENTRY--TOPICAL TERM
Topical term or geographic name entry element Derecho penal
9 (RLIN) 3455
650 24 - SUBJECT ADDED ENTRY--TOPICAL TERM
Topical term or geographic name entry element Lavado de dinero
9 (RLIN) 8380
650 24 - SUBJECT ADDED ENTRY--TOPICAL TERM
Topical term or geographic name entry element Criminología
9 (RLIN) 8381
942 ## - ADDED ENTRY ELEMENTS (KOHA)
Source of classification or shelving scheme Dewey Decimal Classification
Koha item type Books
Existencias
Withdrawn status Lost status Source of classification or shelving scheme Materials specified (bound volume or other part) Damaged status Not for loan Home library Current library Shelving location Date acquired Source of acquisition Full call number Barcode Date last seen Copy number Price effective from Koha item type
    Dewey Decimal Classification Donación--15/04/2018--     Biblioteca Pública José María del Castillo y Rada Biblioteca Pública José María del Castillo y Rada General Stacks 11/28/2019 Donación 364.168 / M385s 430000258 05/16/2024 Ej.1 11/28/2019 Books